Education, employment and leisure: a study of ordinary young people (Record no. 361740)

000 -LEADER
fixed length control field 00368cam a22001217a 4500
008 - FIXED-LENGTH DATA ELEMENTS--GENERAL INFORMATION
fixed length control field 180718b1963 xxu||||| |||| 00| 0 eng d
082 ## - DEWEY DECIMAL CLASSIFICATION NUMBER
Classification number R175x42 C246
100 ## - MAIN ENTRY--PERSONAL NAME
Personal name Carter, M.P.
245 ## - TITLE STATEMENT
Title Education, employment and leisure: a study of ordinary young people
Statement of responsibility, etc. by M.P. Carter
260 ## - PUBLICATION, DISTRIBUTION, ETC.
Place of publication, distribution, etc. Oxford
Name of publisher, distributor, etc. Pergamon
Date of publication, distribution, etc. 1963
300 ## - PHYSICAL DESCRIPTION
Extent 170p.
650 ## - SUBJECT ADDED ENTRY--TOPICAL TERM
Topical term or geographic name entry element Youth - Employment - UK
Holdings
Withdrawn status Lost status Damaged status Not for loan Permanent Location Current Location Date acquired Full call number Barcode Date last seen Price effective from Koha item type
        Indian Institute of Public Administration Indian Institute of Public Administration 1994-03-17 R175x42 C246 34226 2018-07-21 2018-07-21 Book

Powered by Koha